| 000 | 00367nam a22001457a 4500 | ||
|---|---|---|---|
| 999 |
_c1376 _d1376 |
||
| 008 | 200123b ||||| |||| 00| 0 eng d | ||
| 082 | 0 | 0 |
_a510.2462 _bS682 |
| 100 |
_9980 _aSohon , Harry. |
||
| 245 | 1 | 0 |
_aEngineering mathematics _cby Harry Sohon |
| 260 |
_aToronto _bVan Nostrand _c1944 |
||
| 300 | _avi,278p. | ||
| 365 | _d18.00 | ||
| 650 | 0 | _aMathematics | |
| 942 | _cBK | ||